000 00748nam a2200205 a 4500
001 000034753
005 20200930073901.0
008 111019s1963 mx ab 000 0 spa d
040 _aDO-SdBNP
_bspa
_cBNPHU
082 _axxxx
_bxxxx
100 1 _aTurner, Ralph
_960234
245 1 4 _aLas grandes culturas de la humanidad /
_cRalph Turner ; traductores Francisco A. Delpiane, Ramón Iglesia.
250 _a3a ed.
260 _aMéxico,
_aBuenos Aires :
_bFondo de cultura económica,
_c1963.
300 _av. :
_bil., map. ;
_c24 cm.
500 _aIncluye índice analítico
500 _aIncluye referencias bibliográficas y notas al pie de las páginas
700 1 _aDelpiane, Francisco A.,
_etr.
_960235
700 1 _aIglesia, Ramón,
_etr.
_958853
999 _c34244
_d34244